000 00348 a2200157 4500
001 185237
020 _a85-905348-1-2
040 _cMagnum
100 _aMansoldo, Ana
240 1 0 _aEducação ambiental urbana
_lpor
245 1 0 _aEducação ambiental urbana
300 _a80
362 0 _a2005
697 _aEDUCAÇÃO AMBIENTAL
942 _cBK
999 _c185237
_d185237